Tribunal da Relaȯ́

Detalles Bibliográficos
Formato: Desconocido
Lenguaje:portugués
Publicado: [Portugal] : [s.n.]
Materias:
Acceso en línea:Acceso restringido

MARC

LEADER 00000ny a22000003n 4500
005 20110510114738.0
008 100413s19749999bl a b i0 0 a por d
035 |a 2001 
040 |a BUS  |d vLex 
090 |c 1512  |d 1512 
245 3 0 |a Tribunal da Relaȯ́  |h [Recurso electrn̤ico] 
256 |a Servicio en ln̕ea 
260 |a [Portugal] :  |b [s.n.] 
650 0 4 |a Sentencias  |z Portugal  |x Publicaciones perid̤icas 
650 0 4 |a Tribunales  |z Portugal  |x Publicaciones perid̤icas 
740 0 |a vLex Revista (Servicios en ln̕ea) 
843 |a Electrn̤ica. Abierta 
853 |8 1  |i (year)  |j (month)  |k (day) 
856 4 0 |z Acceso restringido  |u http://vlex.com/source/tribunal-da-rela-o-2001 
942 |c REV